01211nas a2200265Ia 4500001001100000003000900011008004100020040001300061040001300074041001300087100004500100210001200145222001200157245008700169250001100256260002200267501008600289300001700375362003400392500023500426650004300661942000700704999001900711952021500730R142/77676IT-RoPAU151124c99999999xx |||||||||||| ||und|| aIT-RoPAU cIT-RoPAU aFRANCESE aMcmane AralynngCodice Aut. SPICS: 31987 aRESEAUX aReseaux aRESEAUX, N.051 (GENNAIO/FEBBRAIO 1992)bVers un Profil Du Journalisme "Occidental" a1a ed. aPARISbCNETc1992 bPaulus - SPICS - Società San Paolo EM (non-commercial uses only)cCopyright2015 a8 p. [67-74] aN.051 (GENNAIO/FEBBRAIO 1992) aVerso un Profilo del Giornalismo Occidentale: Analisi Empirica e Comparativa degli Uomini di Stampa in Francia, Inghilterra, Germania e Stati Uniti. Percezione Personale del Ruolo nella Società. Principi di Etica Professionale. aCOMUNICAZIONEvPUBBLICAZIONE PERIODICA cCR c191845d191845 0010406R_142_77676000000000071aSPICSbSPICSd2015-11-25l0oR142/77676r2015-11-25 00:00:00w2015-11-25yCRzProgr. Ins: 61449 / Copia rara: NO / date import: 25.11.2015 / By Epidotti, Trombetti, Vaglietti